01302naa a2200169 a 450000100080000000500110000800800410001910000110006024501290007126000090020050000200020952007750022965300190100465300130102365300160103677300800105210756022011-04-11 2008 bl uuuu u00u1 u #d1 aEpagri aIsolamento e sele????o de estirpes de riz??bio Rhizobium leguminosarum bv viceae para lentilha em condi????es hidrop??nicas. c2008 aISSN, 0103-0779 aA lentilha ?? uma das leguminosas mais antigas utilizadas na alimenta????o humana. Devido ?? baixa nodula????o da lentilha oriunda do uso do inoculante comercial foram iniciados trabalhos de isolamento e sele????o de estirpes bacterianas de riz??bio para esta esp??cie. O objetivo do trabalho foi reavaliar estirpes recomendadas oficialmente e testar novas estirpes bacterianas isoladas a partir de n??dulos coletados a campo. Foram conduzidos dois experimentos e testadas 39 estirpes de riz??bio isoladas na Epagri/Esta????o Experimental de Lages. Os resultados permitiram concluir que as estirpes EEL 9002, 9102, 9602, 9702, 9902, 10402, 10502, e 18499 s??o eficientes e podem ser utilizadas em testes de avalia????o em solo, em vasos na casa de vegeta????o e a campo. aFixa????o do N aLentilha aNodula????o tAgropecu??ria Catarinense, Florian??polis, SCgv. 21, n. 3, p. 90-95, 2008.